000 00419nam a2200181Ia 4500
001 2873
005 20260306144839.0
008 260306t2013||||xx |||||||||||||| ||spa||
041 _aESP
082 _a231
_bG69
100 _aGonzález Buelta, Benjamín
_eAUT
245 0 _aLa humildad de Dios
260 _c2013
300 _a165 páginas :
_c20 cm.
650 _aGEN
654 _aCHU
942 _cLIB
_dJUS
_fJUS
_2ddc
_n
999 _c2873
_d2873